Normal view MARC view
  • Kim, Seong-Lyun

Entry Personal Name

Number of records used in: 1

001 - CONTROL NUMBER

  • control field: 131639

003 - CONTROL NUMBER IDENTIFIER

  • control field: NUST

005 - DATE AND TIME OF LATEST TRANSACTION

  • control field: 20251030101347.0

008 - FIXED-LENGTH DATA ELEMENTS

  • fixed length control field: 251030|| aca||aabn | a|a d

040 ## - CATALOGING SOURCE

  • Original cataloging agency: NUST
  • Transcribing agency: NUST

100 ## - HEADING--PERSONAL NAME

  • Personal name: Kim, Seong-Lyun

670 ## - SOURCE DATA FOUND

  • Source citation: Work cat.: (NUST)176084: Zander, Jens. 131637, Radio resource management for wireless networks / (Include CD) , c2001.
© 2023 Central Library, National University of Sciences and Technology. All Rights Reserved.